|
|
|
|
| LEADER |
01322pam a22002777i 4500 |
| 001 |
3824304 |
| 003 |
GR-PaULI |
| 005 |
20210212103031.0 |
| 008 |
171024s1986 ne e f b 001 0 eng d |
| 010 |
|
|
|a 86019030
|
| 020 |
|
|
|a 9023222296 (pbk.)
|
| 040 |
|
|
|a DLC
|c DLC
|d DLC
|d GR-PaULI
|b gre
|e AACR2
|
| 082 |
0 |
4 |
|a 880.716
|2 23
|
| 100 |
1 |
|
|a Raalte, Marlein van,
|d 1952-
|9 165034
|e συγγραφέας
|
| 245 |
1 |
0 |
|a Rhythm and metre :
|b towards a systematic description of Greek stichic verse /
|c Marlein van Raalte.
|
| 260 |
|
|
|a Assen, The Netherlands ;
|a Wolfeboro, N.H., U.S.A. :
|b Van Gorcum,
|c 1986.
|
| 300 |
|
|
|a xxii, 463 σ. ;
|c 24 εκ.
|
| 490 |
1 |
|
|a Studies in Greek and Latin linguistics
|
| 504 |
|
|
|a Περιλαμβάνει βιβλιογραφία (σ. [434]-443) και ευρετήριο.
|
| 650 |
|
4 |
|a Ελληνική γλώσσα, Αρχαία
|x Μετρική και ρυθμική
|9 77513
|
| 650 |
|
4 |
|a Ελληνική ποίηση, Αρχαία
|x Ιστορία και κριτική
|9 47657
|
| 830 |
|
0 |
|9 165035
|a Studies in Greek and Latin linguistics
|
| 942 |
|
|
|2 ddc
|c BK15
|
| 952 |
|
|
|0 0
|1 0
|2 ddc
|4 0
|6 880_716000000000000_RAA
|7 0
|9 216610
|a THST
|b THST
|d 2017-10-24
|i 001394
|l 0
|o 880.716 RAA
|p 025000014786
|r 2017-10-24 00:00:00
|t 1
|v 2017.00
|w 2017-10-24
|y BK15
|
| 998 |
|
|
|c ΜΑΝΙΑ
|d 2017-10
|
| 999 |
|
|
|c 131351
|d 131351
|